Library of the University of Algiers 3
Ibrahim Sultan Cheibout
شعار جامعة الجزائر 3
مكتبة جامعة الجزائر 3
إبراهيم سلطان شيبوط

فوضوية العالم وميزان القوى : (رقم التسجيلة. 45613)

تفاصيل مارك
000 -LEADER
fixed length control field 01532nam a2200229Ia 4500
003 - CONTROL NUMBER IDENTIFIER
control field Ost
005 - DATE AND TIME OF LATEST TRANSACTION
control field 20260507075652.0
008 - FIXED-LENGTH DATA ELEMENTS--GENERAL INFORMATION
fixed length control field 260507s9999||||xx |||||||||||||| ||und||
040 ## - CATALOGING SOURCE
Transcribing agency fsecg
041 ## - LANGUAGE CODE
Language code of text/sound track or separate title ara
082 ## - DEWEY DECIMAL CLASSIFICATION NUMBER
Classification number 327
100 ## - MAIN ENTRY--PERSONAL NAME
Personal name عتريسي، جعفر حسن
Relator term مؤلف
245 #0 - TITLE STATEMENT
Title فوضوية العالم وميزان القوى :
Remainder of title هيكلة العالم الجديد وصراع الأرض والنفط والأسواق الى ما بعد سقوط بغداد /
Statement of responsibility, etc. جعفر حسن عتريسي
260 ## - PUBLICATION, DISTRIBUTION, ETC.
Place of publication, distribution, etc. بيروت:
Name of publisher, distributor, etc. دار المحجة البيضاء للطباعة والنشر,
Date of publication, distribution, etc. 2003
300 ## - PHYSICAL DESCRIPTION
Extent 716 صفحة؛
Other physical details إيضاحات ؛
Dimensions 25 سم
520 ## - SUMMARY, ETC.
Summary, etc. الفوضوية العالمية في القرن التاسع عشر- الفوضوية العالمية في القرن العشرين- المكون التاريخي للقوى الكبرى- العالم الجديد- عالم ما بعد انهيار الإتحاد السوفياتي- فوضوية العالم الجديد وإعادة بناء القوى ( الصين، روسيا، الولايات المتحدة الأمريكية، الشرق الأوسط)- الإحتلال الأمريكي للعراق- ما بعد سقوط بغداد- منظمة المؤتمر الإسلامي والخطاب الأممي.
653 ## - INDEX TERM--UNCONTROLLED
Uncontrolled term الأسواق
653 ## - INDEX TERM--UNCONTROLLED
Uncontrolled term السياسة الدولية النفط
653 ## - INDEX TERM--UNCONTROLLED
Uncontrolled term العلاقات الإقتصادية الدولية
653 ## - INDEX TERM--UNCONTROLLED
Uncontrolled term العلاقات الخارجية
942 ## - ADDED ENTRY ELEMENTS (KOHA)
Koha item type كتب
المقتنيات
Withdrawn status Lost status Source of classification or shelving scheme Damaged status Not for loan Home library Current library Date acquired Serial enumeration / chronology Inventory number Total checkouts Full call number Barcode Date last seen Price effective from Koha item type
    Dewey Decimal Classification   Available مكتبة كلية العلوم الإقتصادية والعلوم التجارية وعلوم التسيير مكتبة كلية العلوم الإقتصادية والعلوم التجارية وعلوم التسيير 07/05/2026 الطابق الأرضي 1750/1   أ/1750ن1 1750/1 07/05/2026 07/05/2026 كتب
    Dewey Decimal Classification   Available مكتبة كلية العلوم الإقتصادية والعلوم التجارية وعلوم التسيير مكتبة كلية العلوم الإقتصادية والعلوم التجارية وعلوم التسيير 07/05/2026 الطابق الأرضي 1750/2   أ/1750ن2 1750/2 07/05/2026 07/05/2026 كتب
    Dewey Decimal Classification   Available مكتبة كلية العلوم الإقتصادية والعلوم التجارية وعلوم التسيير مكتبة كلية العلوم الإقتصادية والعلوم التجارية وعلوم التسيير 07/05/2026 الطابق الثاني 1750/3   أ/1750ن3 1750/3 07/05/2026 07/05/2026 كتب
    Library of Congress Classification   NOT LOAN / إعارة داخلية مكتبة كلية العلوم الإقتصادية والعلوم التجارية وعلوم التسيير مكتبة كلية العلوم الإقتصادية والعلوم التجارية وعلوم التسيير 07/05/2026 الطابق الأرضي 025.21/172   أ/1750ن4 025.21/172 07/05/2026 07/05/2026 كتب

موارد الويب المفتوحة


© University of Algiers 3 All Rights Reserved
|
Implemented by LECHELAH Riad